000 01168 a2200217 4500
003 Nust
005 20221202123546.0
010 _a 84025036
020 _a0070398984
040 _cNust
082 0 0 _a621.38153,MAL
100 1 _aMalvino, Albert Paul.
_956026
245 1 0 _aSemiconductor circuit approximations :
_ban introduction to transistors and integrated circuits /
_cAlbert Paul Malvino.
250 _a4th ed.
260 _aNew York :
_bMcGraw-Hill,
_cc1985.
300 _a441 p. :
_bill. ;
_c24 cm.
505 _aSemiconductor Physic (Page-1), Rectifier Diodes (Page-18), Special Diodes(Page-49), Diodes Applications (Page-80), Bipolar Transistors (Page-109), Common-Emitter Approximations (Page-150), Common-Collector Approximations (Page-180), Common-Base Approximations (Page-207), Class A Power Amplifiers (Page-217), Other Power Amplifiers (Page-248), More Amplifiers Theory (Page-271), JFETS (Page-293), MOSFETS (Page-322), Thyristors (Page-339), Op-Amp Theory (Page-357), Op-Amp Negative Feedback (Page-381), Op-Amp Circuits (Page-400).
650 0 _aTelecommunication Engineering
700 1 _aMalvino, Albert Paul.
_956026
942 _2ddc
_cBK
999 _c182381
_d182381